000 00637nam a2200193 i 4500
001 62269
003 ES-MaACL
005 20250907063046.0
007 t|
008 031119s1961 cu ||||1| spa d
100 1 _aFeijóo, Samuel,
_d1914-1992
_949109
245 1 0 _aSobre los movimientos por una poesía cubana hasta 1856
_b: (1947-49) /
_cSamuel Feijoo.
260 _a[La Habana :
_bs.n.],
_c1961.
300 _a195 p. ;
_c20 cm.
500 _aPrecede al tít.: Universidad Central de Las Villas.
710 2 _aUniversidad Central de Las Villas.
_97082
852 _aES-MaACL
_jC-22388
_bR.50774
999 _c62269
_d62269